20 Phrase Chain - Statistics

General Stats
  • This quiz has been taken 18 times
  • The average score is 12 of 20
Answer Stats
Hint Answer % Correct
Pen that writes using a rolling tip ball point
86%
The starting point for mountain climbers. base camp
86%
Where ghost stories and marshmallows meet. camp fire
86%
Vehicle used in emergencies to deliver water and rescue crews. fire truck
79%
A measuring tool that’s exactly three feet long. yard stick
79%
The fortune-teller of the billiards world. 8 ball
71%
A car’s final resting place. junk yard
71%
An infinity symbol doing laps. figure 8
64%
A safety barrier designed to prevent vehicles from leaving the roadway. guard rail
64%
The position in basketball responsible for directing plays. point guard
64%
The clutter orbiting our planet. space junk
64%
The simplest way to draw a person. stick figure
64%
The hairstyle you didn’t ask for. bed head
50%
The usable area within a room or building footprint. floor space
50%
A weapon that uses electromagnetic force to launch projectiles. rail gun
50%
Flat vehicle platform used to transport cargo. truck bed
50%
Where glass pipes are sold for “tobacco use only.” head shop
43%
The part of a factory where production or assembly takes place. shop floor
43%
A dashboard of buttons, switches, and blinking lights. control panel
21%
A hot-button topic about who gets to pack heat. gun control
21%
No matching quizzes found
Score Distribution
Percent of People with Each Score
Percentile by Number Answered
Your Score History
You have not taken this quiz